[Event "Dutch Open 2017"]
[Site "Dieren NED"]
[Date "2017.08.02"]
[Round "8.2"]
[White "L'Ami,E"]
[Black "Butkiewicz,L"]
[Result "1-0"]
[WhiteElo "2610"]
[BlackElo "2455"]

1.d4 Nf6 2.c4 e6 3.Nf3 c5 4.d5 exd5 5.cxd5 d6 6.Nc3 g6 7.Bf4 a6 8.a4 Bg7
9.h3 O-O 10.e3 Qe7 11.Be2 Nbd7 12.O-O Rb8 13.Re1 Ne8 14.e4 Ne5 15.Nxe5 Bxe5
16.Qd2 Bxf4 17.Qxf4 Nf6 18.Ra3 Re8 19.Rb3 b6 20.h4 h5 21.Qg5 Qe5 22.Qxe5 Rxe5
23.f3 Re7 24.Ra3 Ne8 25.Kf2 Nc7 26.Rb1 a5 27.Bb5 Ba6 28.Bc6 Kg7 29.Re1 f5
30.Raa1 f4 31.Rg1 Rf8 32.Rae1 Bd3 33.g3 Bc4 34.Rg2 Na6 35.Bb5 Bxb5 36.Nxb5 Nb4
37.Rd1 fxg3+ 38.Ke3 Rf5 39.Nc3 Rf6 40.Rdd2 c4 41.Rxg3 Nd3 42.Ne2 Kh6 43.Nd4 Nc5
44.Rc2 Nxa4 45.Rxc4 Nc5 46.Rg1 Ref7 47.Rg3 Rf4 48.Rh3 R4f6 49.Rc1 a4 50.Nb5 Kh7
51.Rc4 Rf8 52.Rb4 Ra8 53.Na3 Nd7 54.Nc4 Ne5 55.Nxe5 dxe5 56.Kd3 a3 57.bxa3 Rxa3+
58.Kc4 Ra1 59.Rb3 Rc1+ 60.Kb5 Kh6 61.Rg3 Rh1 62.Rd3 Rb1+ 63.Ka6 Ra1+ 64.Kb7 b5
65.d6 Rf8 66.d7 Raa8 67.Rd6  1-0

[Event "13th Gazi-Heraklion Open"]
[Site "Gazi GRE"]
[Date "2017.08.02"]
[Round "6.1"]
[White "Rychagov,A"]
[Black "Kelires,Andreas"]
[Result "1/2-1/2"]
[WhiteElo "2536"]
[BlackElo "2505"]

1.d4 Nf6 2.c4 e6 3.Nf3 c5 4.d5 d6 5.Nc3 exd5 6.cxd5 g6 7.Nd2 Nbd7 8.e4 Bg7
9.Be2 O-O 10.O-O Re8 11.a4 a6 12.h3 Rb8 13.Re1 h6 14.Qc2 Qe7 15.a5 g5 16.Nf1 Ne5
17.f4 gxf4 18.Bxf4 Ng6 19.Bg3 b5 20.axb6 Rxb6 21.Nd2 Rb4 22.Nc4 Rxc4 23.Bxc4 Nh5
24.Bh2  1/2-1/2

[Event "Liepajas Rokade Open 2017"]
[Site "Liepaja LAT"]
[Date "2017.08.03"]
[Round "3.4"]
[White "Afanasiev,Va"]
[Black "Meskovs,N"]
[Result "0-1"]
[WhiteElo "2305"]
[BlackElo "2495"]

1.d4 Nf6 2.c4 c5 3.d5 e6 4.Nc3 exd5 5.cxd5 d6 6.Nf3 g6 7.Bf4 Bg7 8.Qa4+ Bd7
9.Qb3 Qc7 10.e4 O-O 11.Nd2 Nh5 12.Be3 f5 13.exf5 gxf5 14.Be2 f4 15.Bxc5 f3
16.Bxf3 Nf4 17.Nce4 dxc5 18.d6+ c4 19.dxc7 cxb3 20.cxb8=Q Raxb8 21.axb3 Nd3+
22.Ke2 Bb5 23.Nd6 Nf4+ 24.Kd1 Ba6 25.g3 Rbd8 26.Rxa6 bxa6 27.Nb7 Rd4 28.gxf4 Rfxf4
29.Kc2 Rxd2+ 30.Kxd2 Rxf3 31.Nc5 Rxf2+ 32.Kd3 Rxb2 33.Kc4 Rd2 34.b4 Rd4+
35.Kb3 Rh4 36.Nxa6 Rh3+ 37.Kc4 Be5 38.Nc5 Rxh2 39.Re1 Bf6 40.Rd1 Rh4+ 41.Kb5 Bc3
42.Rd8+ Kf7 43.Na6 Rd4 44.Rc8 Bd2 45.Rc7+ Kg6 46.Rxa7 h5 47.Nc5 Rxb4+ 48.Kc6 h4
49.Ra2 Bf4 50.Nd3 Rd4 51.Nc5 h3 52.Nb7 h2 53.Ra1 Rc4+ 54.Kd5 Rc1  0-1

[Event "13th Gazi-Heraklion Open"]
[Site "Gazi GRE"]
[Date "2017.08.04"]
[Round "8.7"]
[White "Pelantakis,Mihail"]
[Black "Kouskoutis,Georgios-Alexandros"]
[Result "0-1"]
[WhiteElo "1799"]
[BlackElo "2237"]

1.d4 Nf6 2.c4 e6 3.Nf3 c5 4.d5 d6 5.Nc3 exd5 6.cxd5 g6 7.Bf4 a6 8.a4 Nh5
9.Bg5 Be7 10.Bh6 Bf6 11.Nd2 Bg7 12.Bxg7 Nxg7 13.e3 O-O 14.Nc4 Ne8 15.Be2 Nd7
16.Qd2 Rb8 17.a5 f5 18.O-O Qe7 19.Rfb1 g5 20.b4 f4 21.e4 Rf6 22.b5 axb5 23.Rxb5 Nc7
24.Rb3 Ne5 25.f3 g4 26.Nb6 gxf3 27.Nxc8 Qg7 28.Bf1 fxg2 29.Bxg2 Nf3+  0-1

[Event "Aslanov Memorial 2017"]
[Site "Baku AZE"]
[Date "2017.08.06"]
[Round "7.3"]
[White "Idrisov,T"]
[Black "Ahmadzada,Ahmad"]
[Result "1-0"]
[WhiteElo "2271"]
[BlackElo "2340"]

1.d4 Nf6 2.c4 c5 3.d5 e6 4.Nc3 exd5 5.cxd5 d6 6.Nf3 g6 7.Bf4 Bg7 8.h3 O-O
9.e3 Na6 10.Be2 Nc7 11.a4 a6 12.O-O Rb8 13.e4 Re8 14.Bd3 b5 15.axb5 axb5
16.Re1 b4 17.Na4 Bd7 18.Bh2 c4 19.Bxc4 Nxe4 20.Qc2 f5 21.Bf4 Qf6 22.Rab1 g5
23.Be3 g4 24.hxg4 fxg4 25.Bd4 Qf5 26.Nh4 Qf4 27.Be3 Qf6 28.g3 Kh8 29.Nb6 Qf7
30.Nxd7 Qxd7 31.Bd3 b3 32.Qc6 Qxc6 33.dxc6 Nc5 34.Bf5 Nd5 35.Bxc5 dxc5 36.Rxe8+ Rxe8
37.Rd1 Bd4 38.Bd7 Rf8 39.Nf5 Bxb2 40.Rxd5 c4 41.c7 c3 42.c8=Q Rxc8 43.Bxc8 h5
44.Nd4  1-0

[Event "CellaVision Cup 2017"]
[Site "Lund SWE"]
[Date "2017.08.06"]
[Round "7.6"]
[White "Ghosh,D"]
[Black "Hillarp Persson,T"]
[Result "1-0"]
[WhiteElo "2562"]
[BlackElo "2522"]

1.d4 Nf6 2.c4 e6 3.Nf3 c5 4.d5 d6 5.Nc3 exd5 6.cxd5 g6 7.Bf4 Bg7 8.Qa4+ Bd7
9.Qb3 Qc7 10.e4 Nh5 11.Be3 O-O 12.Be2 a6 13.Nd2 b5 14.Bxh5 gxh5 15.Ne2 f5
16.Bf4 fxe4 17.Nxe4 Qd8 18.O-O Bf5 19.Nxd6 Bg6 20.Qe3 Nd7 21.Bg5 Bf6 22.Bxf6 Qxf6
23.Qe6+ Kh8 24.Nc3 Qg7 25.Qe3 c4 26.Rfe1 Rad8 27.Rad1 Nf6 28.Qc5 h4 29.f3 Nh5
30.Nde4 Bxe4 31.Rxe4 Nf4 32.Qd4 Nd3 33.b3 Qxd4+ 34.Rxd4 h3 35.bxc4 bxc4 36.Rb1 hxg2
37.Kxg2 Rd6 38.Rxc4 Ne5 39.Re4 Nxf3 40.Re6 Rd7 41.Kh1 Rc7 42.Ne2 Nd2 43.Rd1 Rg7
44.Ng3 Nc4 45.Rd4 Na3 46.Rxa6 Nc2 47.Re4 Rb7 48.Rae6 Rb1+ 49.Kg2 Rd1 50.d6 Kg8
51.Rg4+ Kh8 52.Rge4 Kg8 53.Kh3 Nd4 54.Re8 Rxe8 55.Rxe8+ Kf7 56.Re7+ Kf8 57.Rxh7 Nf3
58.Kg4 Ne5+ 59.Kf5 Nf7 60.Ne4 Nxd6+ 61.Nxd6 Rxd6 62.Rh4 Ke7 63.Re4+ Kf7 64.a4 Rd5+
65.Kf4 Rh5 66.Kg3 Kf6 67.h4 Rc5 68.Rb4 Rc3+ 69.Kg4 Ra3 70.h5 Ra1 71.Rf4+ Kg7
72.Kg5 Rg1+ 73.Rg4 Rf1 74.Rb4 Rg1+ 75.Kf5 Rh1 76.Ke6 Rxh5 77.Rb5 Rh6+ 78.Kd7 Ra6
79.a5 Ra7+ 80.Kc8 Kf6 81.Kb8 Rh7 82.a6  1-0

[Event "Riga Tech Open A 2017"]
[Site "Riga LAT"]
[Date "2017.08.08"]
[Round "2.15"]
[White "Brunello,S"]
[Black "Quillan,G"]
[Result "1/2-1/2"]
[WhiteElo "2566"]
[BlackElo "2361"]

1.d4 e6 2.c4 Nf6 3.Nf3 c5 4.d5 exd5 5.cxd5 d6 6.Nc3 g6 7.e4 Bg7 8.Be2 O-O
9.O-O Bg4 10.Bf4 Bxf3 11.Bxf3 Ne8 12.Qd2 Nd7 13.Rfe1 Qe7 14.h3 Nc7 15.Be2 a6
16.Bf1 b5 17.Bg3 b4 18.Nd1 Nb5 19.f3 Nb6 20.Ne3 Qd7 21.f4 Nd4 22.Rad1 f5
23.Nc4 Nxc4 24.Bxc4 fxe4 25.Rxe4 a5 26.Kh2 Rf7 27.Bf2  1/2-1/2

[Event "10th Arad Open 2017"]
[Site "Arad ROU"]
[Date "2017.08.09"]
[Round "5.35"]
[White "Llopis de Aysa,M"]
[Black "Velickovic,Sa"]
[Result "1-0"]
[WhiteElo "2130"]
[BlackElo "2297"]

1.d4 Nf6 2.c4 c5 3.d5 e6 4.Nc3 exd5 5.cxd5 d6 6.Nf3 g6 7.Bf4 a6 8.a4 Bg7
9.h3 O-O 10.e3 Nh5 11.Bh2 f5 12.Be2 Qe7 13.Nd2 Nf6 14.Nc4 Rd8 15.O-O Ne8
16.Re1 Qf8 17.Bf1  1-0

[Event "10th Arad Open 2017"]
[Site "Arad ROU"]
[Date "2017.08.10"]
[Round "6.26"]
[White "Martinovici,Ilie"]
[Black "Schitco,Ivan"]
[Result "0-1"]
[WhiteElo "2059"]
[BlackElo "2315"]

1.d4 Nf6 2.c4 e6 3.Nc3 c5 4.d5 exd5 5.cxd5 d6 6.Nf3 g6 7.Nd2 Nbd7 8.e4 Bg7
9.Be2 O-O 10.O-O a6 11.a4 Qe7 12.f4 Rb8 13.a5 b5 14.axb6 Nxb6 15.Re1 h5 16.h3 Bh6
17.e5 Nfxd5 18.Nxd5 Nxd5 19.Ne4 Nxf4 20.Nf6+ Kg7 21.Nd5 Nxd5 22.Bxh6+ Kxh6
23.Qxd5 Qxe5 24.Qd2+ Kg7 25.Bxa6 Rxb2 26.Qd3 Bxa6 27.Qxa6 Qd4+ 28.Kh1 Rd2
29.Rf1 Qd5 30.Rf3 Rd1+ 31.Rxd1 Qxd1+ 32.Rf1 Qd4 33.Qa7 Qd5 34.Qa1+ Qe5 35.Qa7 c4
36.Qc7 Qd4 37.Qc6 d5 38.Rb1 Qd3 39.Rb6 c3 40.Qf6+ Kg8 41.Rc6 d4  0-1

[Event "25th Troya Open 2017"]
[Site "Canakkale TUR"]
[Date "2017.08.10"]
[Round "6.7"]
[White "Rzayev,A"]
[Black "Tinarlioglu,Emre"]
[Result "1-0"]
[WhiteElo "2072"]
[BlackElo "1850"]

1.d4 Nf6 2.Nf3 c5 3.d5 e6 4.c4 exd5 5.cxd5 d6 6.Nc3 g6 7.Bf4 Bg7 8.Qa4+ Bd7
9.Qb3 b5 10.Nxb5 Qa5+ 11.Nc3 Nxd5 12.Qxd5 Bxc3+ 13.Nd2 Bxd2+ 14.Bxd2 Qb6
15.Bc3 O-O 16.O-O-O Be6 17.Qxd6 Qxd6 18.Rxd6 Bxa2 19.e3 a6 20.Be2 Be6 21.Rhd1 a5
22.Bf6 Ra7 23.Bb5 Rb7 24.Ba4 Rb4 25.Rd8 Rc4+ 26.Bc2 Nc6 27.Rxf8+ Kxf8 28.b3 Rxc2+
29.Kxc2 Nb4+ 30.Kb2 Nd5 31.Bd8 f5 32.Bxa5 Ke7 33.Bc3 Kd6 34.Ra1 Nxc3 35.Kxc3 Bd5
36.f3 g5 37.Ra6+ Ke5 38.Ra5 Kd6 39.b4 cxb4+ 40.Kxb4 h5 41.Kc3 g4 42.Kd4 Be6
43.Ra6+ Ke7 44.Ke5 Bd7 45.Ra7 h4 46.fxg4 fxg4 47.Kf4 h3 48.g3  1-0

[Event "21st HZ Open 2017"]
[Site "Vlissingen NED"]
[Date "2017.08.11"]
[Round "8.1"]
[White "Ikonnikov,Vy"]
[Black "Iturrizaga,E"]
[Result "1/2-1/2"]
[WhiteElo "2532"]
[BlackElo "2662"]

1.d4 Nf6 2.Nf3 e6 3.c4 c5 4.d5 exd5 5.cxd5 d6 6.Nc3 g6 7.Nd2 Bg7 8.e4 O-O
9.Be2 Re8 10.O-O Na6 11.Re1 Nc7 12.a4 b6 13.Qc2 Na6 14.Bxa6 Bxa6 15.Nf3 Qc7
16.h3 Nd7 17.b3 Ne5 18.Nxe5 Bxe5 19.Bb2 Qd7 20.Nd1 Bxb2 21.Nxb2 Re7 22.a5 bxa5
23.Rxa5 Bb5 24.Nc4 Bxc4 25.Qxc4 Rb8 26.Qc3 Qd8 27.Ra3 Rb4 28.Qf6 Qe8 29.Qxd6 Rbxe4
30.Rxe4 Rxe4 31.Rxa7 Kg7 32.Ra6 Re1+ 33.Kh2 Qe5+ 34.Qxe5+ Rxe5 35.d6 Kf6
36.Ra7 Rd5 37.Rc7 h5 38.d7 h4 39.Rxc5 Rxd7 40.Rc4 Rd3 41.b4 g5 42.f4 Rb3
43.Kg1 Rb2 44.Kf1 Kf5 45.fxg5 Kxg5 46.Rg4+ Kh5 47.Rf4 Kg5 48.Rxf7 Rxb4 49.Re7 Kf4
50.Rg7 Kf5 51.Ke2 Ra4 52.Ke3 Rb4 53.Rf7+ Kg5 54.Rd7 Rb3+ 55.Ke4 Rb4+ 56.Ke5 Rb5+
57.Ke6 Rb6+ 58.Kd5 Rb5+ 59.Kc4 Rb2 60.Rg7+ Kh5 61.Kd3 Rb3+ 62.Ke4 Rb4+ 63.Kf5 Rb5+
64.Kf6 Rb6+ 65.Kf5 Rb5+ 66.Kf6  1/2-1/2

[Event "25th Troya Open 2017"]
[Site "Canakkale TUR"]
[Date "2017.08.12"]
[Round "9.3"]
[White "Benidze,D"]
[Black "Rahmanov,S"]
[Result "1-0"]
[WhiteElo "2476"]
[BlackElo "2327"]

1.d4 Nf6 2.c4 c5 3.d5 e6 4.Nc3 exd5 5.cxd5 d6 6.Nf3 a6 7.a4 g6 8.Bf4 Bg7
9.e3 O-O 10.Be2 Nh5 11.Bg5 f6 12.Bh4 g5 13.Nd2 gxh4 14.Bxh5 Nd7 15.Nf3 f5
16.g3 h3 17.Nd2 Ne5 18.Be2 Bd7 19.O-O b6 20.Re1 Qc7 21.Nc4 b5 22.Nxe5 Bxe5
23.axb5 axb5 24.Nxb5 Bxb5 25.Rxa8 Rxa8 26.Bxb5 Qb6 27.Bd3 Qxb2 28.Bxf5 Ra1
29.Bb1 c4 30.Qg4+ Kh8 31.Qf5 Kg7 32.Qxh7+ Kf8 33.Qxh3 c3 34.Qf5+ Ke7 35.Rf1 Kd8
36.Kg2 Qb3 37.Bc2 Qxd5+ 38.Be4 Qa2 39.Qf8+ Kd7 40.Bf5+ Kc7 41.Qc8+ Kb6 42.Qb8+ Kc5
43.Qc7+ Kb4 44.Qb6+ Kc4 45.Be6+ d5 46.Qc6+ Kd3 47.Rxa1 Qxa1 48.Qxd5+  1-0

[Event "17th ch-Euro Seniors 2017"]
[Site "Sabadell ESP"]
[Date "2017.08.12"]
[Round "1.8"]
[White "Tunik,G"]
[Black "Balague Canadell,J"]
[Result "1-0"]
[WhiteElo "2388"]
[BlackElo "2019"]

1.d4 Nf6 2.c4 e6 3.Nf3 c5 4.d5 d6 5.Nc3 exd5 6.cxd5 g6 7.Nd2 Bg7 8.e4 O-O
9.Be2 a6 10.a4 Nbd7 11.O-O Ne8 12.a5 Rb8 13.Nc4 Ne5 14.Nb6 Nc7 15.Bf4 Na8
16.Nca4 Bd7 17.Nxd7 Qxd7 18.Bd2 Qe7 19.Bc3 Nc7 20.Nxc5 dxc5 21.d6 Qd8 22.dxc7 Qxc7
23.Qc2 Qe7 24.Rac1 Rfe8 25.Rfd1 Bh6 26.Rd5 Nc6 27.Rcd1 Nb4 28.Bxb4 cxb4 29.e5 Rbd8
30.Bc4 Rxd5 31.Rxd5 Rd8 32.Qe4 Rd7 33.g3 Bg7 34.Rxd7 Qxd7 35.e6 Qe7 36.exf7+ Kf8
37.Qg4 Bf6 38.b3 Qd8 39.Qe6 Be7 40.Bd5 Qd6 41.Qe4 Qd8 42.Qd4 Bd6 43.Qh8+  1-0

[Event "10th Arad Open 2017"]
[Site "Arad ROU"]
[Date "2017.08.13"]
[Round "9.16"]
[White "Peptan,C"]
[Black "Secheres,Ad"]
[Result "1-0"]
[WhiteElo "2397"]
[BlackElo "2315"]

1.d4 Nf6 2.c4 c5 3.d5 e6 4.Nc3 exd5 5.cxd5 d6 6.Nf3 g6 7.Bf4 Bg7 8.Qa4+ Bd7
9.Qb3 Qc7 10.e3 O-O 11.h3 Re8 12.Nd2 Nh5 13.Bh2 f5 14.Be2 Nf6 15.O-O Na6
16.Rfc1 Rab8 17.a4 Nb4 18.Nb5 Bxb5 19.axb5 Qd7 20.Rxa7 Kh8 21.Bc4 Ne4 22.Nxe4 Rxe4
23.Rca1 Ree8 24.Rb1 Re4 25.Kf1 Rbe8 26.Rba1 g5 27.Ra8 f4 28.exf4 gxf4 29.f3 Re3
30.Qd1 Qf7 31.Qd2 Bh6 32.Bg1 Rxa8 33.Rxa8+ Re8 34.Rxe8+ Qxe8 35.g4 Qe5 36.h4 Qe7
37.g5 Bg7 38.Qxf4 Bxb2 39.Qf5 Kg7 40.h5 b6 41.Bh2 Bd4 42.Bf4  1-0

[Event "15th Kesan Open 2017"]
[Site "Kesan TUR"]
[Date "2017.08.14"]
[Round "2.5"]
[White "Catal,Uktenur"]
[Black "Benidze,D"]
[Result "0-1"]
[WhiteElo "1738"]
[BlackElo "2476"]

1.d4 Nf6 2.c4 c5 3.d5 e6 4.Nc3 exd5 5.cxd5 d6 6.Nf3 g6 7.Bf4 Bg7 8.h3 O-O
9.e3 Re8 10.Be2 a6 11.a4 Ne4 12.Rc1 Nd7 13.O-O Ndf6 14.Qb3 Rb8 15.Bxa6 Bxh3
16.Bb5 Bd7 17.Rfd1 Bxb5 18.Nxb5 Ng4 19.Rc2 Be5 20.Bxe5 Nxe5 21.Nxe5 Rxe5
22.Nc3 Qh4 23.Nxe4 Rxe4 24.Qb6 Qe7 25.Qa7 Qd8 26.a5 Rb4  0-1

[Event "Open ch-MKD 2017"]
[Site "Ohrid MKD"]
[Date "2017.08.16"]
[Round "4.3"]
[White "Bogdanovski,V"]
[Black "Nikolovski,Nikola"]
[Result "0-1"]
[WhiteElo "2404"]
[BlackElo "2383"]

1.d4 Nf6 2.c4 c5 3.d5 e6 4.Nc3 exd5 5.cxd5 d6 6.Nf3 g6 7.Bf4 a6 8.a4 Bg7
9.h3 O-O 10.e3 Nh5 11.Bh2 f5 12.Be2 f4 13.O-O Qe7 14.exf4 Nxf4 15.Re1 Nd7
16.Bxa6 Ne5 17.Bf1 g5 18.Nxe5 Bxe5 19.Ra3 Qg7 20.Ne4 Kh8 21.Rae3 b6 22.b3 Bf5
23.Nd2 Bd4 24.Re7 Bxf2+ 25.Kh1 Qf6 26.Nc4 Bxe1 27.Rxe1 Rab8 28.Qf3 Bd7 29.Bxf4 gxf4
30.Bd3 Rf7 31.Rf1 b5 32.axb5 Bxb5 33.Qh5 Rbf8 34.Rf3 Be8 35.Rf1 Rg7 36.Qd1 Rg3
37.Be4 Bb5 38.Bf3 Rg5 39.Qd2 Ra8 40.Kh2 Rg7 41.Re1 Bxc4 42.bxc4 Re7 43.Re6 Qh4
44.Qb2+ Kg8 45.Bg4 Qg3+ 46.Kh1 Rb7 47.Bd1 Rxb2  0-1

[Event "17th ch-Euro Seniors +65"]
[Site "Sabadell ESP"]
[Date "2017.08.16"]
[Round "5.4"]
[White "Kierzek,Ma"]
[Black "Malmdin,N"]
[Result "1/2-1/2"]
[WhiteElo "2277"]
[BlackElo "2226"]

1.d4 Nf6 2.c4 c5 3.d5 e6 4.Nc3 exd5 5.cxd5 d6 6.Nf3 g6 7.Bf4 Bg7 8.Qa4+ Bd7
9.Qb3 Qc7 10.e4 O-O 11.Nd2 Re8 12.Be2 a6 13.a4 Bc8 14.O-O Nbd7 15.Nc4 Bf8
16.f3 Nh5 17.Be3 Ne5 18.Nb6 Rb8 19.g4 Ng7 20.Kh1 Qd8 21.Rg1 Nd7 22.a5 Nxb6
23.axb6 Bd7 24.Bf4 Qf6 25.Bg3 h5 26.h3 Rbc8 27.Rad1 c4 28.Qc2 hxg4 29.fxg4 Qd8
30.Bf2 Be7 31.Rdf1 Bf6 32.Qd2 Bg5 33.Qe1 Bf6 34.Qd2  1/2-1/2

[Event "Stare Mesto Open 2017"]
[Site "Stare Mesto CZE"]
[Date "2017.08.17"]
[Round "8.11"]
[White "Stepan,Patrik"]
[Black "Mandak,M"]
[Result "1-0"]
[WhiteElo "2177"]
[BlackElo "1986"]

1.d4 Nf6 2.c4 e6 3.Nf3 c5 4.d5 exd5 5.cxd5 d6 6.Nc3 Be7 7.e4 Nbd7 8.Be2 O-O
9.O-O Re8 10.Qc2 a6 11.a4 b6 12.h3 Bf8 13.Bf4 Ne5 14.Nxe5 dxe5 15.Bg5 h6
16.Be3 Bd6 17.f4 exf4 18.Bxf4 Bxf4 19.Rxf4 Qd6 20.Raf1 Ra7 21.Qd2 Kh7 22.Bd3 Qe5
23.Qf2 Kh8 24.Bb1 Rc7 25.Qd2 Kg8 26.R1f2 Nh5 27.R4f3 f5 28.exf5 Qe1+ 29.Qxe1 Rxe1+
30.Rf1 Rxf1+ 31.Kxf1 Bb7 32.g4 Nf6 33.Ba2 Kf8 34.Re3 Rd7 35.Re6 b5 36.axb5 axb5
37.Nxb5 Nxd5 38.Nd6 Nf6 39.Bc4 Ba8 40.h4 Rd8 41.g5 hxg5 42.hxg5 Nh7 43.Nf7 Rd4
44.Nd6 Bc6 45.Rg6 Be4 46.Nxe4 Rxc4 47.Re6 Rc1+ 48.Ke2 Rc2+ 49.Kd3 Rxb2 50.g6 Nf6
51.Nxf6 gxf6 52.Rxf6+ Kg8 53.Rc6 Kg7 54.Rc7+ Kg8 55.f6 Rb8 56.Rh7  1-0

[Event "15th Kesan Open 2017"]
[Site "Kesan TUR"]
[Date "2017.08.18"]
[Round "9.1"]
[White "Sanikidze,T"]
[Black "Benidze,D"]
[Result "1-0"]
[WhiteElo "2533"]
[BlackElo "2476"]

1.d4 Nf6 2.c4 c5 3.d5 e6 4.Nc3 exd5 5.cxd5 d6 6.Nf3 g6 7.Bf4 a6 8.a4 Bg7
9.h3 O-O 10.e3 Re8 11.Nd2 Nbd7 12.Be2 Ne5 13.O-O Nfd7 14.Re1 f5 15.a5 g5
16.Bh2 b5 17.axb6 Nxb6 18.Nb3 Nbc4 19.Qc2 Rb8 20.Ra4 Nb6 21.Ra2 Nbc4 22.Nxc5 Nxe3
23.fxe3 dxc5 24.Bxa6 Bxa6 25.Rxa6 f4 26.d6 Nc4 27.Nd5 Nxe3 28.Nxe3 Rxe3 29.Rxe3 fxe3
30.Qxc5 Qf6 31.Qxe3 Rf8 32.Qe1 Kh8 33.Bg3  1-0

[Event "ch-AUT 2017"]
[Site "Graz AUT"]
[Date "2017.08.19"]
[Round "8.1"]
[White "Schneider Zinner,H"]
[Black "Menezes,Chr"]
[Result "0-1"]
[WhiteElo "2396"]
[BlackElo "2395"]

1.d4 Nf6 2.c4 e6 3.Nf3 c5 4.d5 exd5 5.cxd5 d6 6.Nc3 g6 7.e4 Bg7 8.Bd3 O-O
9.h3 Re8 10.O-O a6 11.a4 Nh5 12.Bg5 Bf6 13.Bh6 Nd7 14.Qd2 Rb8 15.Rfe1 Ne5
16.Be2 Nxf3+ 17.Bxf3 Ng7 18.Be2 Bd7 19.Bf4 Qe7 20.Bf1 Be5 21.Bxe5 Qxe5 22.f4 Qd4+
23.Qf2 Nh5 24.Re3 b5 25.axb5 Bxb5 26.g4 Bxf1 27.Rxf1 Rxb2 28.Ne2 Rxe2 29.Rxe2 Nxf4
30.Kh2 Qxf2+ 31.Rexf2 g5 32.Ra1 Rxe4 33.Rxa6 Re3 34.Rxd6 Rxh3+ 35.Kg1 Rd3
36.Rc2 Rg3+ 37.Kf1 Rxg4 38.Rxc5 Rg3 39.Rd8+ Kg7 40.d6 Ne6 41.Rdc8 Nxc5 42.Rxc5 Rd3
43.Rxg5+ Kf6 44.Rg8 Rxd6 45.Kg2 Rd5 46.Ra8 Kg7 47.Rb8 Rg5+ 48.Kh2 Kg6 49.Rg8+ Kf5
50.Ra8 Kg4 51.Ra4+ Kh5 52.Ra7 Kg6 53.Ra8 h6 54.Rb8 Ra5 55.Kg2 Ra6 56.Rc8 Rd6
57.Ra8 Kg5 58.Ra5+ f5 59.Ra8 Kg4 60.Ra4+ f4 61.Ra3 Rb6 62.Rc3 h5 63.Ra3 Rb2+
64.Kg1 h4 65.Ra8 Kg3 66.Rg8+ Kf3 67.Rf8 Rg2+ 68.Kh1 Rg7 69.Kh2 Re7 70.Rf6 Ke3
71.Ra6 Rd7 72.Ra3+ Ke2 73.Ra2+ Rd2 74.Ra8 f3 75.Re8+ Kf1+ 76.Kh1 Re2 77.Ra8 Rd2
78.Re8 f2 79.Kh2 Re2 80.Ra8 Re3 81.Ra2 Ke1 82.Kg2 f1=Q+  0-1

[Event "St.Petersburg Summer Open"]
[Site "St Petersburg RUS"]
[Date "2017.08.19"]
[Round "4.88"]
[White "Nurgali,Nazerke"]
[Black "Timirev,Sergey"]
[Result "1-0"]
[WhiteElo "2006"]
[BlackElo "1772"]

1.d4 Nf6 2.Nf3 c5 3.d5 e6 4.c4 exd5 5.cxd5 d6 6.Nc3 g6 7.h3 Bg7 8.e4 O-O
9.Bd3 b5 10.Nxb5 Nxe4 11.Bxe4 Re8 12.Ng5 f5 13.O-O fxe4 14.Ne6 Bxe6 15.dxe6 d5
16.e7 Rxe7 17.Bg5 Nc6 18.Bxe7 Nxe7 19.Qc2 Qb6 20.Nc3 Rf8 21.Na4 Qb4 22.Qxc5 Qxa4
23.Qxe7 Bxb2 24.Qe6+ Kh8 25.Rad1 Qxa2 26.Qd6 Bg7 27.Rxd5 a5 28.Rd2 Qc4 29.Qa3 a4
30.Rfd1 h5 31.Qe7 Rf7 32.Qe8+ Kh7 33.Rd6 a3 34.Rc6 Qb3 35.Re1 a2 36.Qxe4 a1=Q
37.Qxg6+ Kg8 38.Rxa1 Qb2  1-0

[Event "3rd Cubuk Open 2017"]
[Site "Cubuk TUR"]
[Date "2017.08.20"]
[Round "3.7"]
[White "Beradze,I"]
[Black "Gunduz,Umut Erdem"]
[Result "1/2-1/2"]
[WhiteElo "2467"]
[BlackElo "2013"]

1.d4 Nf6 2.c4 c5 3.d5 e6 4.Nc3 exd5 5.cxd5 d6 6.Nf3 g6 7.Bf4 a6 8.a4 Bg7
9.e3 O-O 10.h3 Qe7 11.Be2 Nbd7 12.O-O Ne8 13.Nd2 Ne5 14.Qb3 Nc7 15.Qb6 f5
16.Nc4 Nxc4 17.Bxc4 Ne8 18.Rae1 Be5 19.Bxe5 Qxe5 20.f4 Qg7 21.Kh1 Qc7 22.Qxc7 Nxc7
23.a5 Bd7 24.e4 fxe4 25.Nxe4 Nb5 26.Kh2 Bf5 27.Ng5 Nd4 28.g4 h6 29.Nf3 Nxf3+
30.Rxf3 Bd7 31.Re7 Rad8 32.Kg3 Rfe8 33.Rfe3 Kf8 34.Rxe8+ Rxe8 35.Rxe8+ Kxe8
36.Bd3 Kf7 37.h4 Bb5 38.Be4 Bd7 39.Bc2 Kf6 40.g5+ Kg7 41.gxh6+ Kxh6 42.f5 gxf5
43.Kf4 Kg6 44.Bb1 Kf6 45.Bd3 Kg6 46.Bc2 Kf6 47.h5 Be8 48.Bxf5 Bxh5 49.Bc8  1/2-1/2

[Event "17th ch-Euro Seniors +65"]
[Site "Sabadell ESP"]
[Date "2017.08.20"]
[Round "9.3"]
[White "Kierzek,Ma"]
[Black "Rooze,J"]
[Result "0-1"]
[WhiteElo "2277"]
[BlackElo "2307"]

1.d4 Nf6 2.c4 e6 3.Nf3 c5 4.d5 exd5 5.cxd5 d6 6.Nc3 g6 7.Bf4 Bg7 8.Qa4+ Bd7
9.Qb3 b5 10.Bxd6 Qb6 11.Be5 O-O 12.e3 b4 13.Nb1 Bf5 14.Nbd2 Nbd7 15.Nc4 Qd8
16.Rd1 Re8 17.Bg3 Ne4 18.Bd3 a5 19.a4 bxa3 20.Qxa3 Nb6 21.Nfd2 Nxg3 22.hxg3 Bg4
23.Be2 Bxe2 24.Kxe2 Nxd5 25.Qxc5 Qg5 26.Ne4 Rxe4 27.Rxd5 Qg4+ 28.Kd3 Rc8
29.Qxa5 Rexc4 30.Rd8+ Bf8 31.Rxc8 Rxc8  0-1

[Event "Brasschaat Open 2017"]
[Site "Brasschaat BEL"]
[Date "2017.08.21"]
[Round "3.13"]
[White "Demarre,Jan"]
[Black "Dauw,Sterre"]
[Result "0-1"]
[WhiteElo "1761"]
[BlackElo "1958"]

1.d4 Nf6 2.c4 e6 3.Nf3 c5 4.d5 exd5 5.cxd5 d6 6.Nc3 g6 7.e4 Bg7 8.Bd3 O-O
9.O-O Bg4 10.h3 Bxf3 11.Qxf3 Nbd7 12.Bf4 Qe7 13.Qe3 Ne5 14.Rfe1 a6 15.a4 Rac8
16.Bg5 h6 17.Bh4 Qc7 18.Bg3 Nfd7 19.Kh1 Nxd3 20.Qxd3 c4 21.Qe3 Nc5 22.e5 dxe5
23.Bxe5 Bxe5 24.Qxe5 Qxe5 25.Rxe5 Rfe8 26.Rae1 Kf8 27.R1e2 Rxe5 28.Rxe5 Re8
29.Re3 Nd3  0-1

[Event "3rd Cubuk Open 2017"]
[Site "Cubuk TUR"]
[Date "2017.08.21"]
[Round "4.16"]
[White "Gozubuyukoglu,S"]
[Black "Bagaturov,G"]
[Result "0-1"]
[WhiteElo "1866"]
[BlackElo "2408"]

1.d4 Nf6 2.c4 c5 3.d5 e6 4.Nc3 exd5 5.cxd5 d6 6.Nf3 g6 7.Bf4 a6 8.a4 Bg7
9.h3 O-O 10.e3 Qe7 11.Be2 Nbd7 12.O-O b6 13.Qd2 Ne8 14.Rfe1 Rb8 15.Rab1 Nc7
16.e4 Rd8 17.Bg3 Ne5 18.Nxe5 Bxe5 19.Bxe5 dxe5 20.Nd1 Ne8 21.b4 Nd6 22.f3 c4
23.b5 axb5 24.axb5 Bd7 25.Nc3 Rdc8 26.Qb2 Rc5 27.Qa3 Qf8 28.Qa6 Qe8 29.Rb4 Qd8
30.Ra1 Qg5 31.Qa3 Bxh3 32.Bf1 Qe3+ 33.Kh2 Bd7 34.Qb2 f5 35.Ra7 Rd8 36.Ra3 Qf4+
37.Kg1 fxe4 38.fxe4 Nxe4 39.Nxe4 Qxe4 40.Rc3 Qd4+ 41.Kh2 Rf8 42.Rc1 Qf4+
43.Kg1 Qe3+ 44.Kh2 Rf5 45.Be2 Rf2 46.Rc2 Qh3+  0-1

[Event "32nd Schwarzacher Open"]
[Site "Schwarzach AUT"]
[Date "2017.08.21"]
[Round "4.8"]
[White "Tomaszewski,R"]
[Black "Borsos,B"]
[Result "1/2-1/2"]
[WhiteElo "2294"]
[BlackElo "2332"]

1.d4 Nf6 2.c4 e6 3.Nf3 c5 4.d5 exd5 5.cxd5 d6 6.Nc3 g6 7.e4 Bg7 8.h3 O-O
9.Bd3 b5 10.Nxb5 Nxe4 11.O-O a6 12.Na3 Nf6 13.Nc4 a5 14.Bf4 Ba6 15.Bg5 h6
16.Bxf6 Bxf6 17.Qd2 Bg7 18.Rab1 Ra7 19.Qf4 Bxc4 20.Bxc4 Rb7 21.b3 Qf6 22.Qd2 Qc3
23.Qf4 Qf6 24.Qd2 Ra7 25.a4 Nd7 26.Bb5 Ne5  1/2-1/2

[Event "GM Panevezys August 2017"]
[Site "Panevezys LTU"]
[Date "2017.08.22"]
[Round "6.3"]
[White "Stauskas,Lukas"]
[Black "Simantsev,M"]
[Result "1-0"]
[WhiteElo "2372"]
[BlackElo "2479"]

1.d4 Nf6 2.c4 e6 3.Nc3 c5 4.d5 exd5 5.cxd5 d6 6.Nf3 g6 7.Bg5 Bg7 8.Nd2 O-O
9.e4 Re8 10.Be2 a6 11.a4 Nbd7 12.O-O Qc7 13.Qc2 Rb8 14.h3 h6 15.Bh4 Nh7 16.f4 g5
17.Bg3 gxf4 18.Bxf4 Ne5 19.Nc4 Qe7 20.Qd2 Ng5 21.Rae1 b5 22.axb5 axb5 23.Nxe5 Bxe5
24.Bxe5 Qxe5 25.Bxb5 Re7 26.Kh1 Kg7 27.Bd3 Nh7 28.Rf3 Nf8 29.Ref1 Ng6 30.Qf2 Nh8
31.Bc4 Bd7 32.b3 Rf8 33.Ne2 Qxe4 34.Rg3+ Ng6 35.Bd3  1-0

[Event "St.Petersburg Summer Open"]
[Site "St Petersburg RUS"]
[Date "2017.08.22"]
[Round "7.33"]
[White "Bondarenko,Ivan"]
[Black "Pershin,Denis"]
[Result "0-1"]
[WhiteElo "2207"]
[BlackElo "2353"]

1.d4 Nf6 2.c4 e6 3.Nc3 c5 4.d5 exd5 5.cxd5 d6 6.Nf3 g6 7.Nd2 Bg7 8.e4 O-O
9.Be2 Na6 10.O-O Re8 11.f3 Nc7 12.a4 Nd7 13.Ra3 Rb8 14.Kh1 a6 15.a5 b5 16.axb6 Nxb6
17.Nb3 Bd7 18.Bf4 Nc8 19.Qc2 Rb4 20.Bxa6 Nxa6 21.Rxa6 Qc7 22.Ra2 Nb6 23.Nd2 Rb8
24.Rb1 Bxc3 25.bxc3 Rxb1+ 26.Nxb1 Nxd5 27.Bh6 Qb7 28.Ra1 Nc7 29.Nd2 Qc6 30.Rb1 Ra8
31.c4 Ne6 32.h4 Qc8 33.Nf1 Qd8 34.Qf2 Nd4 35.Ne3 Be6 36.Nd5 Bxd5 37.cxd5 Rb8
38.Rxb8 Qxb8 39.h5 Qd8 40.Be3 Qf6 41.hxg6 hxg6 42.Bxd4 cxd4 43.Qd2 Qe5 44.Kg1 f5
45.Qd3 Kf7 46.Kf2 Kf6 47.g3 fxe4 48.fxe4 Kg7 49.Ke2 Qh5+ 50.Kf2 Qh2+ 51.Kf3 Qb2
52.Qa6 Qb3+ 53.Kg2 Qc2+ 54.Kh3 Qxe4 55.Qxd6 Qh1+  0-1

[Event "Porto San Giorgio Open"]
[Site "Porto San Giorgio ITA"]
[Date "2017.08.25"]
[Round "3.6"]
[White "Pasini,Nicolo"]
[Black "Menichelli,A"]
[Result "1-0"]
[WhiteElo "2175"]
[BlackElo "1968"]

1.d4 Nf6 2.c4 c5 3.d5 e6 4.Nc3 exd5 5.cxd5 d6 6.Nf3 g6 7.Bf4 Bg7 8.Qa4+ Bd7
9.Qb3 Qc7 10.e4 O-O 11.Nd2 Nh5 12.Be3 f5 13.exf5 gxf5 14.Be2 Nf6 15.Bf4 Ne4
16.Ncxe4 fxe4 17.Bg3 Bf5 18.O-O Na6 19.Nc4 Rad8 20.Bh4 Rde8 21.Qg3 Rd8 22.Bxd8 Rxd8
23.a3 Qe7 24.Rad1 Nc7 25.Na5 Ne8 26.b4 Qc7 27.Nb3 b6 28.h4 Kh8 29.Qf4 Qd7
30.bxc5 bxc5 31.g4 Be5 32.Qxf5 Qxf5 33.gxf5 Nf6 34.f4  1-0